| 000 | 00691nam a22002057a 4500 | ||
|---|---|---|---|
| 999 |
_c8762 _d8762 |
||
| 003 | AR-CdUCM | ||
| 008 | 190325b ||||| |||| 00| 0 spa d | ||
| 040 |
_aMUNICIPALIDAD PROVINCIAL DEL CUSCO _cBIBLIOTECA MUNICIPAL DEL CUSCO |
||
| 082 |
_a591.5 / _bS61 |
||
| 100 |
_aSmyth, J. D. _924443 |
||
| 245 | _aIntroducción a la parasitología animal / | ||
| 260 |
_aMéxico : _bContinental, _c1965. |
||
| 300 |
_a430 páginas ; _c27 cm. |
||
| 505 | _aContenido : Parasitismo -- Hábitats y medios ambientes de los parásitos -- Las amibas -- Flagelados ... | ||
| 650 |
_aZootecnia _95913 |
||
| 650 |
_aParasitología _924444 |
||
| 650 |
_aAnimal _920231 |
||
| 942 |
_2ddc _cLIBROS |
||
| 945 | _arah | ||